Statistics for Manchester City Squad 2019-2020

Click here to take the quiz!

General Stats

  • This quiz has been taken 35 times
  • The average score is 19 of 28

Answer Stats

Number Answer % Correct
#17 (MF)Kevin De Bruyne
93%
#20 (MF)Bernardo Silva
86%
#5 (DF)John Stones
86%
#7 (FW)Raheem Sterling
86%
#9 (FW)Gabriel Jesus
86%
#10 (FW)Sergio Aguero
86%
#21 (MF)David Silva
86%
#2 (DF)Kyle Walker
82%
#30 (DF)Nicolas Otamendi
82%
#25 (MF)Fernandinho
82%
#31 (GK)Ederson
79%
#1 (GK)Claudio Bravo
79%
- (MAN)Pep Guardiola
79%
#19 (FW)Leroy Sane
75%
#11 (DF)Oleksandr Zinchenko
75%
#47 (MF)Phil Foden
75%
#16 (MF)Rodri
71%
#14 (DF)Aymeric Laporte
71%
#22 (DF)Benjamin Mendy
71%
#26 (FW)Riyad Mahrez
71%
#8 (MF)Ilkay Gundogan
71%
#27 (DF)Joao Cancelo
61%
#12 (DF)Angelino
57%
#50 (DF)Eric Garcia
36%
#33 (GK)Scott Carson
21%
#32 (GK)Daniel Grimshaw
14%
#78 (DF)Taylor Harwood-Bellis
11%
#83 (FW)Ian Poveda
7%

Score Distribution

Percentile by Number Answered

Percent of People with Each Score

Your Score History

You have not taken this quiz